The exodus of law and legal methods / (Record no. 869)

MARC details
000 -LEADER
fixed length control field 01113cam a2200349 i 4500
001 - CONTROL NUMBER
control field 17877311
003 - CONTROL NUMBER IDENTIFIER
control field OSt
005 - DATE AND TIME OF LATEST TRANSACTION
control field 20230608134047.0
008 - FIXED-LENGTH DATA ELEMENTS--GENERAL INFORMATION
fixed length control field 130906s2013 ug b 000 0 eng
010 ## - LIBRARY OF CONGRESS CONTROL NUMBER
LC control number 2013441120
020 ## - INTERNATIONAL STANDARD BOOK NUMBER
International Standard Book Number 9966031358
040 ## - CATALOGING SOURCE
Original cataloging agency DLC
Language of cataloging eng
Transcribing agency DLC
Description conventions rda
Modifying agency DLC
042 ## - AUTHENTICATION CODE
Authentication code lcode
-- pcc
043 ## - GEOGRAPHIC AREA CODE
Geographic area code fe-----
050 00 - LIBRARY OF CONGRESS CALL NUMBER
Classification number KQC86
Item number .K59 2013
082 ## - DEWEY DECIMAL CLASSIFICATION NUMBER
Classification number 340.11
Item number KIW
100 1# - MAIN ENTRY--PERSONAL NAME
Personal name Kiwanda, Yusuf.
245 14 - TITLE STATEMENT
Title The exodus of law and legal methods /
Statement of responsibility, etc. Yusuf Kiwanda.
264 #1 - PRODUCTION, PUBLICATION, DISTRIBUTION, MANUFACTURE, AND COPYRIGHT NOTICE
Place of production, publication, distribution, manufacture Kampala, Uganda :
Name of producer, publisher, distributor, manufacturer LawAfrica Publishing (U) Ltd.,
Date of production, publication, distribution, manufacture, or copyright notice 2013.
300 ## - PHYSICAL DESCRIPTION
Extent xxxiv, 277 pages ;
Dimensions 21 cm
336 ## - CONTENT TYPE
Content type term text
Source rdacontent
337 ## - MEDIA TYPE
Media type term unmediated
Source rdamedia
338 ## - CARRIER TYPE
Carrier type term volume
Source rdacarrier
504 ## - BIBLIOGRAPHY, ETC. NOTE
Bibliography, etc Includes bibliographical references (pages 275-277).
650 #0 - SUBJECT ADDED ENTRY--TOPICAL TERM
Topical term or geographic name as entry element Law
Geographic subdivision Africa, East
General subdivision History.
650 #0 - SUBJECT ADDED ENTRY--TOPICAL TERM
Topical term or geographic name as entry element Law
General subdivision Philosophy.
650 #0 - SUBJECT ADDED ENTRY--TOPICAL TERM
Topical term or geographic name as entry element Law
General subdivision Language.
856 41 - ELECTRONIC LOCATION AND ACCESS
Materials specified Table of contents only
Uniform Resource Identifier <a href="http://www.loc.gov/catdir/toc/fy14pdf02/2013441120.html">http://www.loc.gov/catdir/toc/fy14pdf02/2013441120.html</a>
906 ## - LOCAL DATA ELEMENT F, LDF (RLIN)
a 7
b cbc
c origode
d 2
e ncip
f 20
g y-gencatlg
942 ## - ADDED ENTRY ELEMENTS (KOHA)
Source of classification or shelving scheme Dewey Decimal Classification
Koha item type Books
Holdings
Withdrawn status Lost status Source of classification or shelving scheme Damaged status Not for loan Home library Current library Date acquired Total Checkouts Full call number Barcode Date last seen Price effective from Koha item type
    Dewey Decimal Classification     Bunge Tower Library Bunge Tower Library 06/08/2023   340.11 KIW 20220041 06/08/2023 06/08/2023 Books
    Dewey Decimal Classification     Bunge Tower Library Bunge Tower Library 06/12/2023   340.11 KIW 20220045 06/12/2023 06/12/2023 Books
    Dewey Decimal Classification     Bunge Tower Library Bunge Tower Library 06/12/2023   340.11 KIW 20220042 06/12/2023 06/12/2023 Books
    Dewey Decimal Classification     Bunge Tower Library Bunge Tower Library 06/12/2023   340.11 KIW 20220044 06/12/2023 06/12/2023 Books
    Dewey Decimal Classification     Bunge Tower Library Bunge Tower Library 06/12/2023   340.11 KIW 20220043 06/12/2023 06/12/2023 Books
LIBRARY OPENING HOURS

When the Parliament is sitting: 8.00a.m - 7.00p.m or until the house adjourns
Mondays and Fridays and when the House is on Recess:  8.00a.m - 5.00p.m
Closed on Weekends and Public Holidays

Online Public Access Catalog (OPAC)
Website: http://www.parliament.go.ke
Bunge Library: https://libraryir.parliament.go.ke
Contact: library@parliament.go.ke | Tel no: (254-2)2221291 or 2848000 Ext 5043